000 nam a22 a 4500
999 _c1394
_d1394
003 AKMAL
005 20170509125151.0
008 170509s1984 si 00 eng d
040 _aAKMAL
082 _a301.2 CRA
090 0 0 _a301.2
_bCRA
100 1 _aCraig, Jo Ann
_92740
245 1 0 _aCulture shock :
_bSingapore and Malaysia /
_cJo Ann Craig
260 _aSingapore :
_bTimes Books International,
_c1984
300 0 0 _axvii, 217p. :
_bill. ;
_c19cm
651 0 _aSingapore
_xDescription and travel
_xGuidebooks
_92741
651 0 _aMalaysia
_xDescription and travel
_vGuidebooks
_92742
856 4 1 _uftp://tag856.pnm.gov.my/tag856/buku/9971650037.pdf
_yElectronic Resource
942 _2ddc
_cBOOK